| 000 | 00718pam a2200229 4500 | ||
|---|---|---|---|
| 020 | _a0879330546 | ||
| 082 |
_a720.19 _bLAN |
||
| 100 |
_a Lang, Jon _945732 |
||
| 245 | 0 | 0 | _aDesigning for human behavior: architecture and the behavioral sciences. |
| 260 |
_aStroudsburg, Pa., _bDowden, Hutchinson & Ross _c[1974] |
||
| 300 |
_axiii, 353 p. _billus. _c25 cm. |
||
| 490 | 0 | _aCommunity development series | |
| 526 |
_a0 _b0 _c0 _d720_190000000000000_LAN |
||
| 650 | 0 |
_aArchitectural design. _931720 |
|
| 650 | 0 |
_aArchitecture _xPsychological aspects. |
|
| 650 | 2 | _aArchitecture. | |
| 650 | 2 |
_aBehavior. _945733 |
|
| 650 | 2 |
_aEnvironment. _945734 |
|
| 650 | 2 |
_aMCE _9379 |
|
| 700 | 1 | _aLang, Jon T., | |
| 942 |
_2ddc _cBK |
||
| 999 |
_c549190 _d549190 |
||